The cactus handbook
Foreword, Cactus structure & development, Cactus cultivation, ...
Guardat en:
| Autor principal: | |
|---|---|
| Format: | Llibre |
| Idioma: | Undetermined |
| Publicat: |
London
Cathay
1988
|
| Matèries: | |
| Etiquetes: |
Afegir etiqueta
Sense etiquetes, Sigues el primer a etiquetar aquest registre!
|
| Thư viện lưu trữ: | Trung tâm Học liệu Trường Đại học Cần Thơ |
|---|
| LEADER | 00548nam a2200193Ia 4500 | ||
|---|---|---|---|
| 001 | CTU_226363 | ||
| 008 | 210402s9999 xx 000 0 und d | ||
| 082 | |a 635.93356 | ||
| 082 | |b H378 | ||
| 100 | |a Haustein, Erik | ||
| 245 | 4 | |a The cactus handbook | |
| 245 | 0 | |c Erik Haustein | |
| 260 | |a London | ||
| 260 | |b Cathay | ||
| 260 | |c 1988 | ||
| 520 | |a Foreword, Cactus structure & development, Cactus cultivation, ... | ||
| 650 | |a Cactus,Cây xương rồng | ||
| 910 | |b nthai | ||
| 980 | |a Trung tâm Học liệu Trường Đại học Cần Thơ | ||